Los sistemas contemporáneos de gobierno

Saved in:
Bibliografiske detaljer
Hovedforfatter: Zink, Harold (Author)
Format: Bog
Sprog:spansk
Udgivet: Ciudad de México Libreros Mexicanos Unidos 1965
Fag:
Tags: Tilføj Tag
Ingen Tags, Vær først til at tagge denne postø!

MARC

LEADER 00000nam a2200000 a 4500
001 UCT6962
003 CL-VaPUC
008 970113e19650000MX |||||||||||||||||spa|d
082 0 4 |a 320.011  |b ZIN  |2 21 
100 0 |a Zink, Harold  |e author  |9 377427 
245 1 4 |a Los sistemas contemporáneos de gobierno 
300 |a 1010 p 
942 |c BK 
945 |d 19970113 00:00:00  |a lriquelm 
260 |a Ciudad de México  |b Libreros Mexicanos Unidos  |c 1965 
650 7 |a SISTEMAS POLITICOS  |2 CL-VaPUC  |9 377428 
650 0 |a Monarquía   |9 255259 
650 0 |a República  |9 310048 
650 7 |a FEDERACION  |2 CL-VaPUC  |9 358919 
650 0 |a Democracia  |9 255256 
650 0 |a Poder legislativo  |9 258808 
650 0 |a Partidos políticos  |9 254999 
650 7 |a IMPERIO  |2 CL-VaPUC  |9 255149 
650 0 |a Dictadura   |9 341206 
650 0 |a Comunismo  |9 255588 
650 0 |a Gobierno local  |9 258648 
650 7 |a GOBIERNO REGIONAL  |2 CL-VaPUC  |9 356897 
650 0 |a Historia política  |9 256974 
651 0 |a Gran Bretaña  |9 256767 
651 0 |a Francia  |9 255157 
651 0 |a Alemania  |9 255688 
651 7 |a NORUEGA  |2 CL-VaPUC  |9 268907 
651 0 |a Suecia   |9 268974 
651 0 |a Unión Soviética  |9 256769 
651 0 |a Asia  |9 268338 
651 7 |a CANADA  |2 CL-VaPUC  |9 377429 
651 0 |a América Latina   |9 255027 
583 |a last modification  |c 19970113 00:00:00  |k Rodrigo Vera 
999 |c 255627  |d 255625 
952 |0 0  |1 0  |4 0  |6 320_011000000000000_ZIN_1965  |7 0  |8 A  |9 277966  |a BIBDER  |b BIBDER  |d 2019-11-19  |i 1802259  |o 320.011 ZIN 1965  |p 1802259  |r 2023-01-25  |w 2019-11-19  |y BK  |k DER